000
00272nam a22001217a 4500
003
SGT
082
_a
370
_b
SHA
100
_a
SHARMA, REKHA
245
_a
AUTISM AND DEVELOPMENTAL DISABILITIES
260
_a
DELHI
_b
SONALI PUB.
_c
2016
300
_a
272
942
_2
ddc
_c
BK
_0
2
999
_c
17609
_d
17609